| Registos Bibliográficos associados ao registo de autoridade |
|
Etiqueta de registo: 00514nam 2200169 450 001 1262744 003 http://id.bnportugal.gov.pt/bib/catbnp/1262744 100 ## $a20040423g19131914m y0pory0103 ba 101 0# $apor 102 ## $aBR 105 ## $ay z 000yy 106 ## $ar 200 1# $aInventário dos documentos relativos ao Brasil Baia$fEduardo de Castro e Almeida 210 #9 $aRio de Janeiro$c[s.n.],$d1913-14 215 ## $a2 v.$d27 cm 327 1# $a1º v.: 653 p.$a2º v.: 745 p. 700 #1 $aAlmeida,$bEduardo de Castro e,$f1865-1949$345214 801 #0 $aPT$bBN 801 #1 $aFR$bJOUVE 966 ## $b001$d1º v.$lBN$mFGMON$sB.C. 1348 V.$x0 966 ## $b001$d2º v.$lBN$mFGMON$sB.C. 1348 V.$x0 997 ## $aBIBEOD
Etiqueta de registo: 01352cam 022003731 04500 001 197021 003 http://id.bnportugal.gov.pt/bib/catbnp/197021 005 20000703132800.0 095 ## $aPTBN00204457 100 ## $a19891124g19131936k y0pora0103 ba 101 0# $apor 102 ## $aBR$bRio de Janeiro 105 ## $ay z 00 yy 106 ## $ar 200 1# $aInventario dos documentos relativos ao Brasil existentes no Archivo de Marinha e Ultramar
de Lisboa$forganizado por Eduardo de Castro e Almeida 210 #9 $aRio de Janeiro$cOfficinas Graphicas da Bibliotheca Nacional,$d1913-1936 215 ## $a8 vol.$d26 cm 305 ## $aExtraído dos Anais da Biblioteca Nacional 675 ## $a981$vBN$zpor$3299162 702 #1 $aAlmeida,$bEduardo de Castro e,$f1865-1949$4340$345214 710 01 $aPortugal.$bBiblioteca Nacional$33 801 #0 $aPT$bBN$gRPC 966 ## $dV. 3$lBN$mFGMON$sH.G. 9934 V.$x0 966 ## $dV. 4$lBN$mFGMON$sH.G. 9935 V.$x0 966 ## $dV. 1$lBN$mFGMON$sH.G. 21466 V.$x0 966 ## $dV. 2$lBN$mFGMON$sH.G. 21467 V.$x0 966 ## $dV. 3$lBN$mFGMON$sH.G. 21468 V.$x0 966 ## $dV. 4$lBN$mFGMON$sH.G. 21469 V.$x0 966 ## $dV. 5$lBN$mFGMON$sH.G. 21470 V.$x0 966 ## $dV. 1$lBN$mFGMON$sTR. 2633 V.$x0 966 ## $dV. 2$lBN$mFGMON$sTR. 2634 V.$x0 966 ## $dV. 3$lBN$mFGMON$sTR. 2635 V.$x0 966 ## $dV. 5$lBN$mFGMON$sTR. 2636 V.$x0 997 ## $aBIBEOD
Etiqueta de registo: 01632cfm 02200313 04500 001 599693 003 http://id.bnportugal.gov.pt/bib/catbnp/599693 005 19990510141900.0 095 ## $aPTBN00809074 100 ## $a19960502f19021907km a0pory0103 ba 101 0# $apor 102 ## $aPT 200 1# $aBibliotheca Nacional de Lisbôa$bMaterial cartográfico]$ePlanta do 1º pavimento$ePlanta do 2º pavimento$fDes. pelo primeiro conservador Eduardo de Castro e Almeida 206 ## $a[Escala não determinada] 210 #1 $d[190-] 215 ## $a1 planta em 2 folhas$cmanuscritas, p&b$d46,50x56,70 cm, em folhas de 46,50x56,70 cm 305 ## $aA data de elaboração deste documento é anterior a 1907, uma vez que foi parcialmente
reproduzido (folha do 2º pavimento) no 1º volume do Inventário do Arquivo de Marinha
e Ultramar: Madeira e Porto Santo, publicado pela Biblioteca Nacional de Lisboa, em
1907. 316 ## $5PTBNP: C.C. 469//1-2 A.$aCotas antigas: R-59//1 e R-59//2 ; C.C. 1421//1 e C.C. 1421//2 517 1# $aPlanta da Biblioteca Nacional de Lisboa$e1º e 2º pavimentos 675 ## $a727.8(469.411.16)(084.3)$vBN$zpor$3628487 675 ## $a913"19"(084.3)$vBN$zpor$31367104 675 ## $a912(469.411.16)(084.3)$vBN$zpor$31404278 700 #1 $aAlmeida,$bEduardo de Castro e,$f1865-1949$345214 801 #0 $aPT$bBN$gRPC 856 40 $uhttps://purl.pt/13861 856 41 $uhttps://purl.pt/13861/service/media/cover/low 856 49 $uhttps://purl.pt/13861/service/media/pdf$qapplication/pdf 958 ## $aBND$bLivre$cDigitalizado$d1$ehttps://purl.pt/13861/service/media/cover/max 966 ## $lBN$mCARTOG$sC.C. 469//1-2 A.
Etiqueta de registo: 00774c 02200217 04500 001 98321 003 http://id.bnportugal.gov.pt/bib/catbnp/98321 005 19981119205800.0 095 ## $aPTBN00102260 100 ## $a19920130d1910 m y0pora0103 ba 101 0# $apor 102 ## $aPT 200 1# $a A exposição Cervantina da Bibliotheca Nacional de Lisboa$ebreve noticia$fpelo dir. da Bibliotheca Xavier da Cunha$gseguida do respectivo catalogo por Eduardo de Castro e Almeida 210 #9 $aLisboa$cImpr. Nacional,$d1908 215 ## $a131 p.$d25 cm 675 ## $a012$vmed$zpor$3289884 675 ## $a860-3 Cervantes Saavedra, M. (01)$vmed$zpor$3316274 700 #1 $aAlmeida,$bEduardo de Castro e,$f1865-1949$345214 702 #1 $aCunha,$bXavier da,$f1840-1920$4070$344977 801 #0 $aPT$bBN$gRPC 856 40 $2Cópia Digital disponível em: Archive.org$uhttps://archive.org/details/aexposiocervant00almegoog?q=lisboa 966 ## $lBN$mFGMON$sB. 10668 V. 998 ## $aCR437 - 00106
Etiqueta de registo: 00916c 02200265 04500 001 98436 003 http://id.bnportugal.gov.pt/bib/catbnp/98436 005 19981119211000.0 095 ## $aPTBN00102390 100 ## $a19920130d1908 km a0pora0103 ba 101 0# $apor 102 ## $aPT 200 0# $a A exposição Cervantina da Bibliotheca Nacional de Lisboa$ebreve noticia$fXavier da Cunha, Eduardo de Castro e Almeida 210 #9 $aLisboa$cImp. Nacional,$d1908 215 ## $a131 p.$d25 cm 316 ## $aCota ant.: RES. 1626//2 V.$5PTBN: B. 10834 V. 518 10 $a A exposição Cervantina da Biblioteca Nacional de Lisboa 606 ## $j[Bibliografias]$2BNP$3288700 675 ## $a012$vmed$zpor$3289884 675 ## $a860-3 Cervantes Saavedra, M. (01)$vmed$zpor$3316274 700 #1 $aAlmeida,$bEduardo de Castro e,$f1865-1949$345214 701 #1 $aCunha,$bXavier da,$f1840-1920$4070$344977 801 #0 $aPT$bBN$gRPC 966 ## $lBN$mFGMON$sB. 10668 V. 966 ## $lBN$mFGMON$sB. 10834 V. 997 ## $aBIBEOD 998 ## $aCR437 - 00236
Etiqueta de registo: 01568cam 02200313 04500 001 278472 003 http://id.bnportugal.gov.pt/bib/catbnp/278472 005 19990508121500.0 095 ## $aPTBN00289629 100 ## $a19891231g19071909k a0pora0103 ba 101 0# $apor 102 ## $aPT 200 0# $aArchivo de marinha e ultramar$einventario$eMadeira e Porto Santo...$fBibliotheca Nacional de Lisboa$gpor Eduardo de Castro e Almeida 210 #9 $aCoimbra$cImprensa da Universidade,$d1907-1909 215 ## $a2 v.$cil.$d38 cm 300 ## $aCol. depositada na BN a partir de 1889 e incorporada na mesma em 1901; transferida
para o Arquivo Histórico Ultramarino, entre 1931-1932, de onde alguma documentação
transitou para o Arquivo da Marinha, em 1960 321 ## $aïnd. de nomes referidos nos documentos, remissivo por apelidos e de assuntos, em ambos
os v. 327 1# $aV. 1: :1613-1819:+ 1613- 1819+. - XI, [5], 402, [2] p., 1 f. : il.$aV. 2: :1820-1833:+ 1820- 1833+. - [4], 487, [1], 11 f. : il. - Inclui: Descripção
da ilha da Madeira... : acompanhada de estampas... : em :1817:+ 1817+ / por Paulo
Dias de Almeida 500 01 $aArquivo de marinha e ultramar... 675 ## $a930.255$vmed$zfre$3291075 675 ## $a946.98"1613/1909"$vmed$zfre$3446484 702 #1 $aAlmeida,$bEduardo de Castro e,$f1865-1949$4220$345214 702 #1 $aAlmeida,$bPaulo Dias de,$f1779-1833$4070$32117 710 01 $aPortugal.$bBiblioteca Nacional$33 801 #0 $aPT$bBN$gRPC 930 ## $lBN$dF.G. 114$iMicrofilme$jV. 1 966 ## $lBN$mFGMON$sB. 679 A. 966 ## $lBN$mFGMON$nObra em MAU ESTADO com a cota de mic. F.G. 114$sH.G. 8029 A. 966 ## $lBN$mFGMON$sH.G. 8030 A. 966 ## $d1º v.$lBN$mMICROF$nMicrofilme$sF.G. 114 997 ## $aBIBEOD
Etiqueta de registo: 00658nam 2200169 450 001 1261239 003 http://id.bnportugal.gov.pt/bib/catbnp/1261239 100 ## $a20020606g19139999m y0pory0103 ba 101 0# $apor 102 ## $aBR 105 ## $ay z 000yy 106 ## $ar 200 0# $aInventário dos documentos relativos ao Brasil existentes no Archivo de Marinha e Ultramar
de Lisboa organizado para a Bibliotheca Nacional do Rio de Janeiro$fpor Eduardo de Castro e Almeida 210 #9 $a[S.l.$cs.n.],$d1913-$eRio de Janeiro :$gOf. Gráf. da Biblioteca Nacional) 215 ## $a3 v.$d27 cm 327 0# $a1º v.: 653 p.$a2º v.: 745 p.$a3º v.: 653 p. 518 1# $aInventário dos documentos relativos ao Brasil existentes no Arquivo de Marinha e Ultramar
de Lisboa organizado para a Biblioteca Nacional do Rio de Janeiro 700 #1 $aAlmeida,$bEduardo de Castro e,$f1865-1949$345214 801 #0 $aPT$bBN 801 #1 $aFR$bJOUVE 966 ## $b001$d1º v.$lBN$mFGMON$sB.C. 1351 V.$x0 966 ## $b001$d2º v.$lBN$mFGMON$sB.C. 1351 V.$x0 966 ## $b001$d3º v.$lBN$mFGMON$sB.C. 1351 V.$x0 997 ## $aBIBEOD
Etiqueta de registo: 00789cam 2200241 450 001 177839 003 http://id.bnportugal.gov.pt/bib/catbnp/177839 005 19981127212000.0 095 ## $aPTBN00184920 100 ## $a19891231d1936 km y0pora0103 ba 101 1# $apor$cspa 102 ## $aPT 200 1# $aMadrid em chamas$eimpressões vividas em Espanha$fZ. Villalba$gtrad. de Eduardo de Castro e Almeida 210 #9 $aLisboa$c[s.n.],$d1936$eLisboa :$gO Jornal do Comércio e das Colónias) 215 ## $a163 p.$d19 cm 675 ## $a821.134.3-6"19"$vmed$zpor$3289251 700 #1 $aVillalba,$bZ.$3214279 702 #1 $aAlmeida,$bEduardo de Castro e,$f1865-1949$4730$345214 801 #0 $aPT$bBN$gRPC 966 ## $lBN$mFGMON$sH.G. 25058 P. 966 ## $lBN$mFGMON$sH.G. 25059 P. 966 ## $lBN$mFGMON$sH.G. 25259 P. 966 ## $lBN$mFGMON$sL. 72875 P.$x2
Etiqueta de registo: 01114cam 02200313 04500 001 65749 003 http://id.bnportugal.gov.pt/bib/catbnp/65749 005 19990508121300.0 095 ## $aPTBN00068070 100 ## $a19901231d1908 km a0pora0103 ba 101 0# $apor 102 ## $aPT 105 ## $ay z 000yy 106 ## $ar 200 1# $aCatalogo de mappas, plantas, desenhos, gravuras e aguarellas$fBibliotheca Nacional de Lisboa, Archivo de Marinha e Ultramar$g[compil.] por Eduardo de Castro e Almeida 210 #9 $aCoimbra$cImprensa da Universidade,$d1908 215 ## $a[2], 47 p.$d26 cm 518 1# $aCatálogo de mapas, plantas, desenhos, gravuras e aguarelas 606 ## $j[Bibliografias]$2SIPOR$3288700 620 ## $dCoimbra 675 ## $a012$vmed$zpor$3289884 675 ## $a912(01)$vmed$zpor$3291612 702 #1 $aAlmeida,$bEduardo de Castro e,$f1865-1949$4220$345214 710 01 $aPortugal.$bBiblioteca Nacional$33 711 01 $aPortugal.$bArquivo Histórico Colonial$4070$313662 801 #0 $aPT$bBN$gRPC 966 ## $lBN$mCARTOG$sC.A. 500 P. 966 ## $lBN$mFGMON$sB. 3280 V. 966 ## $lBN$mFGMON$sB. 3335 V. 966 ## $lBN$mFGMON$sB. 10707 V. 966 ## $lBn$mFGMON$sB.A. 2302//1 V. 966 ## $lBN$mFGMON$sB.A. 2808 V. 966 ## $lBN$mMICROF$sF.R. 364 966 ## $lBN$mRESIMP$sRES. 1609//1 V. 997 ## $aBIBEOD 998 ## $aCR161 - 00316
Etiqueta de registo: 00254nbm 2200025 450 001 2027965 003 http://id.bnportugal.gov.pt/bib/catbnp/2027965 100 ## $a20190826j19050625k y0pory01030103ba 101 0# $apor 102 ## $aPT 105 ## $ay z 000yy 106 ## $ah 200 1# $a [ Carta de Eduardo de Castro e Almeida, conservador da Biblioteca Nacional de Lisboa,
para o director Xavier da Cunha informando que no dia seguinte chegará mais tarde
à Biblioteca em virtude do seu estado de saúde]$bManuscrito] 210 #1 $aAjuda,$d25-Junho. [1]905 215 ## $a[2] f.$d18 cm 300 ## $aOriginal assinado 304 ## $aXavier da Cunha foi segundo conservador da Biblioteca Nacional de Lisboa a partir
de 1886 e seu director entre 1902 e 1911 317 ## $aDoação de Maria Elisa Soares Bastos à Biblioteca Nacional, formalizada em 2019, constituída
na sua maioria por documentos do acervo do Dr. Jorge de Faria 700 #1 $aAlmeida,$bEduardo de Castro e,$f1865-1949$345214 702 #1 $aBastos,$bMaria Elisa Soares,$f1929-$4320$31762333 702 #1 $aCunha,$bXavier da,$f1840-1920$4660$344977 702 #1 $aFaria,$bJorge Brandão Figueiredo de,$f1888-1960$4390$3126503 801 #0 $aPT$bBN$gRPC 966 ## $lBN$mRESMAN$sMSS. 262, n. 40 $x3 997 ## $aBIBEOD
Etiqueta de registo: 00254nbm 2200025 450 001 2049902 003 http://id.bnportugal.gov.pt/bib/catbnp/2049902 100 ## $a20200708d1907 k y0pory01030103ba 101 0# $apor 102 ## $aPT 105 ## $ay z 000yy 106 ## $ah 200 1# $aArchivo de Marinha e Ultramar$eInventario$eMadeira e Porto Santo 1613-1819$fEduardo de Castro e Almeida 210 #1 $aCoimbra$cImprensa da Universidade,$d1907 215 ## $a1 volume 317 ## $aColecção de manuscritos proveniente do Conselho Ultramarino extinto em 1833, transitou
para a Inspecção das Bibliotecas e Arquivos em 1889, e nesse mesmo ano foi incorporada
na Biblioteca Nacional de Lisboa; constituída por 1099 volumes e 1857 maços de documentos
avulsos, tendo sido adicionados mais 280 volumes e 160 maços relativos às colónias
na África oriental, remetidos de Moçambique em 1892 por António Enes, Inspector Geral
das Bibliotecas e Arquivos Públicos, na época a desempenhar funções de Comissário
Régio nessa província ultramarina. Em 1897 foram ainda "anexados" mais 2176 volumes
e 900 maços provenientes do Arquivo da Direcção Geral da Marinha, do Comando Geral
da Armada e dos Arquivos de diversos navios de guerra. Deu origem à criação, em 1901,
da Secção IX da BNL denominada "Archivo da Marinha e Ultramar", dirigida pelo Conservador
Eduardo de Castro e Almeida 327 11 $aInventário descrevendo 17 unidades de instalação (caixas) correspondendo a um total
de 4913 documentos relativos à Madeira e Porto Santo 700 #1 $aAlmeida,$bEduardo de Castro e,$f1865-1949$345214 801 #0 $aPT$bBN$gRPC 966 ## $lBN$mRESARQ$sAHBN/TB/09/Lv.01
Etiqueta de registo: 00254nbm 2200025 450 001 2286650 003 http://id.bnportugal.gov.pt/bib/catbnp/2286650 100 ## $a20260521d1818 k y0pory01030103ba 101 0# $apor 102 ## $aPT 105 ## $ay z 000yy 106 ## $ah 200 1# $a [ Ordens de Serviço de Fidelino de Figueiredo, Jaime Cortesão e Raul Proença, relativas
à reorganização da Biblioteca, alterações ao regulamento, a procedimentos a adoptar
pelos funcionários em cumprimento dos regulamentos da Biblioteca, nomeadamente, leitura
nocturna, convocação de reuniões, proibição de permanência de pessoas estranhas em
determinados espaços dentro da Biblioteca, faltas de pessoal, elaboração de catálogos,
proibição de fumar dentro da Biblioteca, penalizações devido a processos disciplinares,
escalas de serviço, responsabilidades de cada área, admissões, cadastros, relatórios,
requisição à Direcção Geral de Subsistência de bens essenciais para os funcionários,
regras referentes à entrega de obras aos leitores, integração de obras nas respectivas
secções, distribuição de serviços técnicos, e cumprimento no estipulado em decretos] 210 #1 $d23 de Fevereiro de 1918 - 6 de Novembro de 1919 215 ## $a120 doc. (124 f., 4 f. br.)$d34 cm 300 ## $aOriginais assinados por Fidelino de Figueiredo e Jaime Cortesão (Directores da Biblioteca
Nacional), Eduardo Castro Almeida e Basílio de Vasconcelos e Pedro Augusto Azevedo
(Directores interinos da Biblioteca Nacional), e Raul Proença (Sub-Director da Biblioteca
Nacional) 321 1# $aInventário do Arquivo Histórico da Biblioteca Nacional: 1796-1950. Lisboa: BN, 1996.
P. 56-57 321 ## $aSubsídios para a história da Biblioteca Nacional / Manuela D. Domingos. - Lisboa :
Instituto da Biblioteca Nacional e do Livro, 1995. P. 59-62 327 11 $aCopiador de ordens de serviço 700 #1 $aFigueiredo,$bFidelino de,$f1888-1967$337830 701 #1 $aAlmeida,$bEduardo de Castro e,$f1865-1949$4070$345214 701 #1 $aAzevedo,$bPedro de,$f1869-1928$4070$312289 701 #1 $aProença,$bRaúl,$f1884-1941$4070$319283 801 #0 $aPT$bBN$gRPC 966 ## $lBN$mRESARQ$sAHBN/CR/08/Cx. 02-Mc. 03-01-120 971 ## $cmrosario$d20260521
|
|
|